Rupaul's Drag Race Season 7 - Statistics

General Stats
  • This quiz has been taken 1,008 times
  • The average score is 12 of 15
Answer Stats
Hint Answer % Correct
3rd Place Pearl
97%
2nd Place Ginger Minj
96%
5th Place Katya
96%
Winner Violet Chachki
96%
6th Place Trixie Mattel
94%
4th Place Kennedy Davenport
89%
Host Rupaul
89%
7th Place Miss Fame
86%
9th Place Max
80%
12th Place Jasmine Masters
75%
14th Place Tempest DuJour
74%
10th Place Kandy Ho
71%
11th Place Mrs. Kasha Davis
70%
13th Place Sasha Belle
67%
8th Place Jaidynn Diore Fierce
56%
No matching quizzes found
Score Distribution
Percent of People with Each Score
Percentile by Number Answered
Your Score History
You have not taken this quiz